Potential theory, and its applications to basic problems of mathematical physics / (Record no. 7645)

MARC details
000 -LEADER
fixed length control field 01585nac a22003371i 4500
003 - CONTROL NUMBER IDENTIFIER
control field EG-ScBUE
005 - DATE AND TIME OF LATEST TRANSACTION
control field 20250526095509.0
008 - FIXED-LENGTH DATA ELEMENTS--GENERAL INFORMATION
fixed length control field 250415t1967 n a f b 001 0 eng d
040 ## - CATALOGING SOURCE
Original cataloging agency EG-ScBUE
Language of cataloging eng
Description conventions rda
Transcribing agency EG-ScBUE
Modifying agency EG-ScBUE
041 1# - LANGUAGE CODE
Language code of text/sound track or separate title eng
Language code of original and/or intermediate translations of text rus
082 04 - DEWEY DECIMAL CLASSIFICATION NUMBER
Classification number 530.15
Item number GUN
Edition number 22
100 1# - MAIN ENTRY--PERSONAL NAME
Personal name Gunter, N. M.,
Relator term author.
240 1# - UNIFORM TITLE
Uniform title <a href="Teoriya potentsiala i ee primenenie k osnovnym zadacham matematicheskio fiziki.">Teoriya potentsiala i ee primenenie k osnovnym zadacham matematicheskio fiziki.</a>
Language of a work English
245 10 - TITLE STATEMENT
Title Potential theory, and its applications to basic problems of mathematical physics /
Statement of responsibility, etc N. M. Gunter ; translated by John R. Schulenberger.
264 #1 - PUBLICATION, DISTRIBUTION, ETC. (IMPRINT)
Place of publication, distribution, etc New York :
Name of publisher, distributor, etc Frederick Ungar Publishing Co.,
Date of publication, distribution, etc [1967]
264 #4 - PUBLICATION, DISTRIBUTION, ETC. (IMPRINT)
Date of publication, distribution, etc c1967
300 ## - PHYSICAL DESCRIPTION
Extent xi, 338 pages :
Other physical details illustrations ;
Dimensions 25 cm
336 ## - CONTENT TYPE
Source rdacontent
Content type term text
Content type code txt
337 ## - MEDIA TYPE
Media type term unmediated
Source rdamedia
Media type code n
338 ## - CARRIER TYPE
Carrier type term volume
Carrier type code nc
Source rdacarrier
500 ## - GENERAL NOTE
General note "A short biography [of the author, by V.I. Smirnov and S.L. Sobolev]": p. 327-336.
500 ## - GENERAL NOTE
General note Translation of [Teoriiï¸ a︡ potentï¸ s︡iala i ee primenenie k osnovnym zadacham matematicheskoĭ fiziki], a translation of La theÌ?orie du potentiel et ses applications aux probleÌ€mes fondamentaux de la physique matheÌ?matique.
500 ## - GENERAL NOTE
General note Includes appendix.<br/>
504 ## - BIBLIOGRAPHY, ETC. NOTE
Bibliography, etc Includes bibliographical references and index.<br/>
546 ## - LANGUAGE NOTE
Language note Text in English ; translated from the original Russian language.<br/>
650 #7 - SUBJECT ADDED ENTRY--TOPICAL TERM
Topical term or geographic name as entry element Potential theory (Mathematics)
Source of heading or term BUEsh
650 #7 - SUBJECT ADDED ENTRY--TOPICAL TERM
Topical term or geographic name as entry element Mathematical physics.
Source of heading or term BUEsh
655 ## - INDEX TERM--GENRE/FORM
Form subdivision Reading book
700 1# - ADDED ENTRY--PERSONAL NAME
Personal name Schulenberger, John R.,
Relator term translator.
942 ## - ADDED ENTRY ELEMENTS (KOHA)
Koha item type Book - Borrowing
Source of classification or shelving scheme Dewey Decimal Classification
Holdings
Withdrawn status Lost status Source of classification or shelving scheme Damaged status Not for loan Collection code Home library Current library Shelving location Date acquired Source of acquisition Total Checkouts Full call number Barcode Date last seen Price effective from Koha item type
    Dewey Decimal Classification     Baccah Central Library Central Library First floor 03/02/2008 Purchase   530.15 GUN 000009110 15/07/2025 03/02/2008 Book - Borrowing